LEADER 01585nam 2200361 n 450 001 996394286203316 005 20221108071440.0 035 $a(CKB)3810000000007645 035 $a(EEBO)2240871289 035 $a(UnM)ocm18704576e 035 $a(UnM)18704576 035 $a(OCoLC)18704576 035 $a(EXLCZ)993810000000007645 100 $a19881103d1659 uy 101 0 $aeng 135 $aurbn||||a|bb| 200 12$aA right dividing, or a true discerning$b[electronic resource] $eshewing the use of the sword, and how and where it is in its place, and what it is to be laid upon. That that is not so much as a figure, the shadow of a thing, which answereth not the substance, but signifies nothing. And that such who are come to the life and substance are come to the end of all figures, in whom the figures and shadowes end. Given forth by a Friend of Israels commonwealth, whom by the strangers thereof, is reproachfully called a Quaker. W.S 210 $aLondon $cprinted for Thomas Simmons, at the Bull and Mouth near Aldersgate$d1659 215 $a8 p 300 $aW.S. = William Smith. 300 $aReproduction of original in the British Library. 330 $aeebo-0014 606 $aSociety of Friends$xDoctrines$vEarly works to 1800 615 0$aSociety of Friends$xDoctrines 700 $aSmith$b William$fd. 1673.$0845826 801 0$bCu-RivES 801 1$bCu-RivES 801 2$bCStRLIN 801 2$bCu-RivES 906 $aBOOK 912 $a996394286203316 996 $aA right dividing, or a true discerning$92345469 997 $aUNISA LEADER 04285nam 22004815 450 001 9910447249303321 005 20251225184922.0 010 $a3-030-65775-2 024 7 $a10.1007/978-3-030-65775-8 035 $a(CKB)4100000011665181 035 $a(DE-He213)978-3-030-65775-8 035 $a(MiAaPQ)EBC6436036 035 $a(PPN)252514777 035 $a(EXLCZ)994100000011665181 100 $a20201219d2020 u| 0 101 0 $aeng 135 $aurnn|008mamaa 181 $ctxt$2rdacontent 182 $cc$2rdamedia 183 $acr$2rdacarrier 200 10$aAdvances in Bioinformatics and Computational Biology $e13th Brazilian Symposium on Bioinformatics, BSB 2020, São Paulo, Brazil, November 23?27, 2020, Proceedings /$fedited by João C. Setubal, Waldeyr Mendes Silva 205 $a1st ed. 2020. 210 1$aCham :$cSpringer International Publishing :$cImprint: Springer,$d2020. 215 $a1 online resource (XIII, 272 p. 83 illus., 63 illus. in color.) 225 1 $aLecture Notes in Bioinformatics,$x2366-6331 ;$v12558 311 08$a3-030-65774-4 327 $aA Classification of de Bruijn Graph approaches for De Novo Fragment Assembly -- Redundancy Treatment of NGS Contigs in Microbial Genome Finishing with Hashing-Based Approach -- Efficient Out-of-core Contig Generation -- In silico Pathogenomic Analysis of Corynebacterium pseudotuberculosis biovar ovis -- Assessing the sex-related genomic composition diffeerence using a K-mer-based approach: a case of study in Arapaima gigas (Pirarucu) -- COVID-19 X-ray Image Diagnostic with Deep Neural Networks -- Classification of Musculoskeletal Abnormalities with Convolutional Neural Networks -- Combining mutation and gene network data in a machine learning approach for false-positive cancer driver gene discovery -- Unraveling the role of Nanobodies Tetrad on their Folding and Stability Assisted by Machine and Deep Learning Algorithms -- Experiencing DfAnalyzer for Runtime Analysis of Phylogenomic Dataows -- Sorting by Reversals and Transpositions with Proportion Restriction -- Heuristics for Breakpoint Graph Decomposition with Applications in Genome Rearrangement Problems -- Center Genome With Respect to the Rank Distance -- ImTeNet: Image-Text Classification Network for Abnormality Detection and Automatic Reporting on Musculoskeletal Radiographs -- A scientometric overview of bioinformatics tools in the Pseudomonas putida genome study -- Polysome-seq as a Measure of Translational Profile from Deoxyhypusine Synthase Mutant in Saccharomyces cerevisiae -- Anti-CD3 stimulated T cell transcriptome reveals novel ncRNAs and correlates with a suppressive profile -- A simplified complex network-based approach to mRNA and ncRNA transcript classification -- A systems biology driven approach to map the EP300 interactors using comprehensive protein interaction network -- Analyzing switch regions of human Rab10 by molecular dynamics simulations -- Importance of meta-analysis in studies involving plant responses to climate change in Brazil -- A brief history of Bioinformatics told by data visualization -- Computational Simulations for Cyclizations Catalyzed by Plant Monoterpene Synthases -- Oncogenic signaling pathways in Mucopolysaccharidoses -- Natural products as potential inhibitors for SARS-CoV-2 papain-like protease: an in silico study. 330 $aThis book constitutes the refereed proceedings of the Brazilian Symposium on Bioinformatics, BSB 2020, held in São Paulo, Brazil, in November 2020. Due to COVID-19 pandemic the conference was held virtually The 20 revised full papers and 5 short papers were carefully reviewed and selected from 45 submissions. The papers address a broad range of current topics in computational biology and bioinformatics. 410 0$aLecture Notes in Bioinformatics,$x2366-6331 ;$v12558 606 $aBioinformatics 606 $aBioinformatics 615 0$aBioinformatics. 615 14$aBioinformatics. 676 $a572.80285 702 $aSetubal$b Joa?o Carlos 702 $aSilva$b Waldeyr Mendes 801 0$bMiAaPQ 801 1$bMiAaPQ 801 2$bMiAaPQ 906 $aBOOK 912 $a9910447249303321 996 $aAdvances in Bioinformatics and Computational Biology$92998120 997 $aUNINA